000 02435cam a2200169 4500500
005 20251228140158.0
041 _afre
042 _adc
100 1 0 _aGardes Tamine, Joëlle
_eauthor
245 0 0 _aVerlaine Lectures de Verlaine. Poèmes saturniens, Fêtes galantes, Romances sans paroles, sous la dir. de Steve Murphy, Rennes, PUR, 2007, 314 p. Fêtes galantes, Romances sans paroles, précédé de Poèmes saturniens de Paul Verlaine, Essai et dossier réalisés par Arnaud Bernadet, Paris, Gallimard, coll. « foliothèque », 2007, 272 p. Arnaud Bernadet, L’Exil et l’utopie. Politiques de Verlaine, Saint-Étienne, Publications de l’Université de Saint-Étienne, 2007, 251 p. Jean-Christophe Cavallin, Verlaine et son mètre, suivi de La Règle du jeu, essai de Vincent Vivès, Verona, Edizioni Fiorini, coll. « La musa critica », 2007, 406 p.
260 _c2008.
500 _a51
520 _aL’œuvre de Mérimée, La Guzla, a été le plus souvent lue, depuis sa parution en 1827, comme une parodie ou comme un témoignage des coutumes et des mœurs des Slaves du sud. Son originalité profonde et dérangeante tient à la violence qui l’imprègne à tous les niveaux, que ce soit dans la description des mœurs ou dans le traitement de la langue. La violence physique censée caractériser le monde primitif n’est en fait que la partie visible d’une violence qui frappe les repères et les identités, les dilue et finit par les détruire. Mérimée exprime à travers elles les menaces qui pèsent sur le monde primitif, gagné peu à peu par la civilisation.
520 _aMérimée’s work, La Guzla , has been most of time read since its publication in 1827 as a parody or as a testimony of the customs and manners of southern Slavs. Its profound and disturbing originality comes from the violence which pervades it at all levels, either in the description of manners or in the treatment of language. Physical violence supposed to characterize the primitive world is indeed only the visible part of a violence which reaches landmarks and identities, dilutes them and, in the end, destroys them. Mérimée expresses through them the threats that hang on the primitive world gradually overcome by civilisation.
786 0 _nRomantisme | 140 | 2 | 2008-06-01 | p. 149k-165k | 0048-8593
856 4 1 _uhttps://shs.cairn.info/revue-romantisme-2008-2-page-149k?lang=fr&redirect-ssocas=7080
999 _c1607469
_d1607469